• 首页
  • 本馆介绍
  • 公告通知
  • 最新文献
  • 馆藏检索
  • 电子资源
  • 读者导购
  • 参考咨询
  • 我的图书馆
  • 登录
  • 详细信息显示
  • 放入我的书架
  • 预约/预借图书
  • 作者相关作品
  • 分类相关作品
  • 丛书相关作品
  • 出版社相关作品

书目信息

  • 表格格式
  • 工作单格式
  • 卡片格式
题名:
中国之棉纺织业
    
 
作者: 方显廷 著
分册:  
出版信息: 北京   商务印书馆  2011.07
页数: 12,489页
开本: 21cm
丛书名: 中华现代学术名著丛书
单 册:
中图分类: F426.81-53
科图分类:
主题词: 棉纺织工业--中国--文集 , 棉纺织工业
电子资源:
ISBN: 978-7-100-07453-7
000 01130oam2 2200325 450
001 010050026689
005 20120626152531.46
010    @a978-7-100-07453-7@dCNY99.00(含光盘)
010    @a978-7-100-08508-3@dCNY1339.00(全套)
100    @a20120105d2011 em y0chiy50 ea
101 0  @achi
102    @aCN@b110000
105    @aack z 000yy
106    @ar
200 1  @a中国之棉纺织业@9zhong guo zhi mian fang zhi ye@f方显廷著
210    @a北京@c商务印书馆@d2011.07
215    @a12,489页@c图,折图,肖像@d21cm@e1光盘 1中国之棉纺织业附表
225 2  @a中华现代学术名著丛书
300    @a国家出版基金项目
305    @a本书据国立编译馆1934年版排印
307    @a附光盘:ISBN 978-7-900171-69-9
308    @a丛书第二辑
330    @a本书主要内容包括:中国棉纺织业之历史及其区域之分布、中国棉花之生产及贸易、中国棉纺织品之制造及销售、中国棉纺织业之组织等。
461  0 @12001 @a中华现代学术名著丛书
606 0  @a棉纺织工业@y中国@j文集
606 0  @a棉纺织工业
690    @aF426.81-53@v4
701  0 @a方显廷@9fang xian ting@f(1903-1985)@4著
801  0 @aCN@bRENTIAN@c20120105
905    @b541302-06@dF426.81-53@e117@f5
    
    中国之棉纺织业/方显廷著.-北京:商务印书馆,2011.07
    12,489页:图,折图,肖像;21cm+1光盘 1中国之棉纺织业附表.-(中华现代学术名著丛书)
    国家出版基金项目
    
    ISBN 978-7-100-07453-7:CNY99.00(含光盘)
    本书主要内容包括:中国棉纺织业之历史及其区域之分布、中国棉花之生产及贸易、中国棉纺织品之制造及销售、中国棉纺织业之组织等。
●
相关链接 在E读中查询图书 在五车中查询图书 在当当中查询图书 在豆瓣中查询图书


正题名:中国之棉纺织业     索取号:F426.81-53/117         预约/预借

序号 登录号 条形码 馆藏地/架位号 状态 备注
1 541302   205413024   第一样本阅览室/ [索取号:F426.81-53/117] 在馆    
2 541303   205413033   第一借阅区/ [索取号:F426.81-53/117] 在馆    
3 541304   205413042   第一借阅区/ [索取号:F426.81-53/117] 在馆    
4 541305   205413051   第一借阅区/ [索取号:F426.81-53/117] 在馆    
5 541306   205413060   第一借阅区/ [索取号:F426.81-53/117] 在馆    
唐山师范学院图书馆 欢迎您!
大连网信软件有限公司© 版权所有